000 00550nam a2200217Ia 4500
003 OSt
005 20220928142944.0
006 a|||||r|||| 00| 0
007 ta
008 220927b |||||||| |||| 00| 0 eng d
024 _a20292
037 _cTextual
040 _aSDCL
_cSDCL
_beng
041 _2eng
_aeng
082 _aO15,1B1x, N6
100 _aShastri Dhramendernath
_9504018
245 0 _aRamayana kai aakhayan.
260 _c1996
942 _hO15,1B1x, N6
_cTEXL
_2CC
999 _c822428
_d822428